Perdono mio Dio. Canti penitenziali tradizionali (Record n. 102447)
[ formato base ]
| 000 -LEADER | |
|---|---|
| fixed length control field | 01538njm a2200313Ia 4500 |
| 001 - CONTROL NUMBER | |
| control field | H8861 |
| 003 - CONTROL NUMBER IDENTIFIER | |
| control field | IT-RoPAU |
| 005 - DATE AND TIME OF LATEST TRANSACTION | |
| control field | 20220918181154.0 |
| 008 - FIXED-LENGTH DATA ELEMENTS--GENERAL INFORMATION | |
| fixed length control field | 131025s9999 xx 000 0 und d |
| 040 ## - CATALOGING SOURCE | |
| Original cataloging agency | IT-RoPAU |
| 040 ## - CATALOGING SOURCE | |
| Transcribing agency | IT-RoPAU |
| 041 ## - LANGUAGE CODE | |
| Language code of text/sound track or separate title | ITALIANO |
| 999 ## - SYSTEM CONTROL NUMBERS (KOHA) | |
| Koha Dewey Subclass [OBSOLETE] | n.d. |
| 100 ## - MAIN ENTRY--PERSONAL NAME | |
| Personal name | AA.VV. |
| 9 (RLIN) | 794 |
| 100 ## - MAIN ENTRY--PERSONAL NAME | |
| Relator term | Autore musica |
| 9 (RLIN) | 33713 |
| 100 ## - MAIN ENTRY--PERSONAL NAME | |
| Miscellaneous information | Codice autore musica SPICS: 12000 |
| 9 (RLIN) | 796 |
| 245 ## - TITLE STATEMENT | |
| Title | Perdono mio Dio. Canti penitenziali tradizionali |
| 250 ## - EDITION STATEMENT | |
| Edition statement | 1a ed. |
| 260 ## - PUBLICATION, DISTRIBUTION, ETC. (IMPRINT) | |
| Place of publication, distribution, etc. | MILANO |
| 260 ## - PUBLICATION, DISTRIBUTION, ETC. (IMPRINT) | |
| Name of publisher, distributor, etc. | MULTIMEDIA SAN PAOLO |
| Date of publication, distribution, etc. | 2009 [1a Ed.:2009 - Ed. Lingua Orig.: 2009] |
| 300 ## - PHYSICAL DESCRIPTION | |
| Extent | COMPACT DISC |
| 300 ## - PHYSICAL DESCRIPTION | |
| Dimensions | 60 minuti (Testo: 0 pag.) |
| 500 ## - GENERAL NOTE | |
| General note | Musica religiosa. Musiche: G. Frescobaldi (5); J.S. Bach (11); M.P. Damilano (14); Laudario da Cortona (16); Z. Kodalj (17) A. Lotti (18). Testi; S. Alfonso M. De Liguori (5); T.A. Gazzera (14). Armonizzazione di Francesco Sacchi. |
| 505 ## - FORMATTED CONTENTS NOTE | |
| Formatted contents note | Peccatore Dolente - Gesù mio - Evviva la croce - Tu mi guardi dalla croce - Perdono mio Dio - Ecco il legno - Crocifisso, mio Signor - Ai tuoi piedi - Adoramus te, Christe - Misero cor - O capo insanguinato - O croce beata - Sommo ben, mio Signor - Ti saluto, o croce santa - Adoraimo la tua croce - De la crudel morte - Stabat mater - Stava Maria dolente - Se resto in terra a gemere. |
| 511 ## - PARTICIPANT OR PERFORMER NOTE | |
| Participant or performer note | Coro Nives Premana |
| 650 ## - SUBJECT ADDED ENTRY--TOPICAL TERM | |
| Topical term or geographic name as entry element | RELIGIOSO [COMPACT DISC] |
| Relator term | Codice MATERIA SPICS: 9949 |
| 9 (RLIN) | 14031 |
| 700 ## - ADDED ENTRY--PERSONAL NAME | |
| Personal name | AA.VV. |
| Relator term | Autore testo e musica |
| Miscellaneous information | Codice autore testo/musica SPICS: 12000 |
| 9 (RLIN) | 33714 |
| 942 ## - ADDED ENTRY ELEMENTS (KOHA) | |
| Koha item type | CD AUDIO |
| Source of classification or shelving scheme | Dewey Decimal Classification |
| Withdrawn status | Lost status | Damaged status | Not for loan | Home library | Current library | Date acquired | Total Checkouts | Full call number | Date last seen | Price effective from | Koha item type | Public note |
|---|---|---|---|---|---|---|---|---|---|---|---|---|
| Buone Condizioni | Not For Loan | SPICS-MEDIATECA | SPICS-MEDIATECA | 25/10/2013 | H8861 | 25/10/2013 | 25/10/2013 | CD AUDIO | Progr. Ins.: 23182 / N.Vol.: 1 / Copie: 1 - Copia rara: n.d. / date import: 01.01.2014 - By Epidotti, Trombetti, Vaglietti |